000 00848cam a2200181 i 4500
005 20251215092637.0
008 250721s2000 jo gr 000 0 ara d
082 1 4 _a216.534
_b ا ل ب
100 1 _aالألباني، محمد ناصر الدين
_eمؤلف.
245 1 2 _aالرد المفحم :
_bعلى من خالف العلماء و تشدد و تعصب و ألزم المرأة أن تستر وجهها وكفيها واوجب ولم يقنع بقولهم :انه سنه ومستحب /
_cللعلامه المحدث محمد ناصر الدين الالباني.
250 _aالطبعه الاولى.
264 3 1 _aعمان :
_c2000.
_bمحمد ناصر الدين الالباني.
300 _a184صفحه.
650 1 7 _aالحجاب.
650 1 7 _aالمرأة المسلمة.
942 _2ddc
_cBK
999 _c48575
_d48575